000 00767nam a2200277 a 4500
003 AR-BaBNM
005 20251128202737.0
008 082120s2002 ||||||||||||||000 | spa||
020 _a84-7100-504-2
040 _cAR-BaBNM
100 1 _aAlmécija B., Juan
245 0 0 _aLa familia en la provincia de Venezuela
_b1745-1798
250 _a1ª ed.
260 _aMadrid
_bMapfre
_c1992
300 _a290 p.
_btablas, gráfs.
490 0 _aRealidades americanas
_vv. 14
504 _aBibliografía para consultar p. 265-281.
650 4 _aECONOMIA
650 4 _aHISTORIA DE LAS COSTUMBRES
650 4 _aHISTORIA SOCIAL
651 4 _aVenezuela
651 4 _aAmérica Latina
800 1 _aGallego, José Andrés
_ecoordinador
942 _cBK
998 _cmariana
999 _c363
_d363